000 01355nam a2200397 i 4500
001 25659
003 KOSZ 005
005 20200418132956.0
008 070730s1971 pl a f 000 0 pol
015 _aPB 1972/1520
040 _aWA N
_cWA N
_dKOSZ 005/RW
046 _k1969
080 _a658
080 _a62
080 _a65.01
100 1 _aCzermiński, Alfred
_d(1923-2011)
_eAutor
245 1 0 _aZarys organizacji pracy i zarządzania w przedsiębiorstwie socjalistycznym /
_cAlfred Czermiński.
250 _aWydanie 2.
260 _aWarszawa :
_bPaństwowe Wydawnictwo Ekonomiczne,
_c1971.
300 _a289, [7] stron, [1] karta tablic :
_bilustracje ;
_c20 cm.
336 _aTekst
_btxt
_2rdacontent
337 _aBez urządzenia pośredniczącego
_bn
_2rdamedia
338 _aWolumin
_bnc
_2rdacarrier
380 _aKsiążki
388 _a1901-2000
504 _aBibliografia na stronach 285-[290].
658 _aGospodarka, ekonomia, finanse
658 _aZarządzanie i marketing
650 4 _aPrzedsiębiorstwo
650 4 _aOrganizacja
650 4 _aZarządzanie
650 4 _aPrzemysł
710 2 _aPaństwowe Wydawnictwo Ekonomiczne
_4pbl.
856 _uhttp://koha.tu.koszalin.pl/cgi-bin/koha/opac-detail.pl?biblionumber=25659
_yKatalog online BPK
942 _2UKD
_cKS
999 _c25659
_d25659